Práctricas médicas tradicionales de los altos de Chiapas (Record no. 10223)

MARC details
000 -CABECERA
campo de control de longitud fija 00851nam a2200241 a 4500
001 - NÚMERO DE CONTROL
campo de control BRL_1413
005 - FECHA Y HORA DE LA ÚLTIMA TRANSACCIÓN
campo de control 20190320211207.0
008 - DATOS DE LONGITUD FIJA--INFORMACIÓN GENERAL
campo de control de longitud fija 130114s1981----mx-a######---#000-0#spa-#
041 ## - CÓDIGO DE LENGUA
Código de lengua del texto/banda sonora o título independiente spa
044 ## - CÓDIGO DEL PAÍS DE LA ENTIDAD EDITORA/PRODUCTORA
Código MARC del país mx
050 #4 - SIGNATURA TOPOGRÁFICA DE LA BIBLIOTECA DEL CONGRESO
Número de clasificación GR115.5.C46
Número de documento/Ítem .P73 1981
245 10 - MENCIÓN DE TÍTULO
Título Práctricas médicas tradicionales de los altos de Chiapas
Mención de responsabilidad, etc. grabados Marcelino Jiménez Uribe ; redacción y diagramación Ma. Teresa Bellato F.
260 ## - PUBLICACIÓN, DISTRIBUCIÓN, ETC.
Lugar de publicación, distribución, etc. San Cristóbal de las Casas, Chiapas
Nombre del editor, distribuidor, etc. Centro coordinador Tzeltal- Tzotzil
Fecha de publicación, distribución, etc. 1981
300 ## - DESCRIPCIÓN FÍSICA
Extensión 29 p.
Otras características físicas il., grabados
Dimensiones 24 cm.
440 #0 - MENCIÓN DE SERIE/PUNTO DE ACCESO ADICIONAL--TÍTULO
Título Mínimos de bienestar
9 (RLIN) 26821
500 ## - NOTA GENERAL
Nota general Au1702
650 14 - PUNTO DE ACCESO ADICIONAL DE MATERIA--TÉRMINO DE MATERIA
Término de materia o nombre geográfico como elemento de entrada Medicina tradicional
Subdivisión geográfica Chiapas
9 (RLIN) 26822
650 14 - PUNTO DE ACCESO ADICIONAL DE MATERIA--TÉRMINO DE MATERIA
Término de materia o nombre geográfico como elemento de entrada Botánica medica
Subdivisión geográfica Chiapas
9 (RLIN) 26823
700 1# - PUNTO DE ACCESO ADICIONAL--NOMBRE DE PERSONA
Nombre de persona Jiménez Uribe, Marcelino
Término indicativo de función/relación il.
9 (RLIN) 26824
700 1# - PUNTO DE ACCESO ADICIONAL--NOMBRE DE PERSONA
Nombre de persona Bellato F., Ma. Teresa
9 (RLIN) 26825
902 ## - CATALOGADOR
Iniciales GRL
942 ## - ELEMENTOS DE PUNTO DE ACCESO ADICIONAL (KOHA)
Fuente del sistema de clasificación o colocación Library of Congress Classification
Tipo de ítem Koha Libros
Holdings
Estado de retiro Estado de pérdida Estado dañado No para préstamo Localización permanente Ubicación/localización actual Fecha de adquisición Número de inventario Total de préstamos Signatura topográfica completa Código de barras Fecha visto por última vez Precio válido a partir de Tipo de ítem Koha
El ejemplar forma parte de la colección y puede ser consultado según las políticas vigentes.       Biblioteca Centro de Estudios Ruth D. Lechuga Biblioteca Centro de Estudios Ruth D. Lechuga 13/01/2014 Au1702   GR115.5.C46 .P73 1981 (Au1702) GRL01571 22/03/2019 22/03/2019 Libros